| 000 | 01130cam a22003134a 4500 | ||
|---|---|---|---|
| 001 | 15827785 | ||
| 003 | OSt | ||
| 005 | 20220228120039.0 | ||
| 008 | 090721s2010 njua 001 0 eng | ||
| 010 | _a 2009029657 | ||
| 020 | _a9788120343399 | ||
| 038 | _akhadija | ||
| 040 |
_aDLC _cDLC _dDLC |
||
| 050 | 0 | 0 |
_aQA76.73.C153 _bD45 2011. |
| 082 | 0 | 0 |
_a005.133 _222 _bDEI |
| 100 | 1 |
_aDeitel, Paul _989764 |
|
| 245 | 1 | 0 |
_aC++ how to program / _cP. Deitel, H. Deitel. |
| 250 | _a8th ed. | ||
| 260 |
_aUpper Saddle River, NJ : _bPearson Prentice Hall, _c2011. |
||
| 300 |
_axxxv, 1068 p. : _bcol. ill. ; _c24 cm. + _e1 CD-ROM (4 3/4 in.) |
||
| 500 | _aH.M. Deitel's name appeared first on t.p. of earlier ed. | ||
| 500 | _aIncludes index. | ||
| 563 | _apaper back | ||
| 650 | 0 |
_aC++ (Computer program language) _91810 |
|
| 700 | 1 |
_aDeitel, Harvey M., _d1945- _917972 |
|
| 906 |
_a7 _bcbc _corignew _d1 _eecip _f20 _gy-gencatlg |
||
| 942 |
_2ddc _cBK |
||
| 999 |
_c33213 _d33213 |
||